Văn bản pháp quy mới về đầu tư xây dựng - nhà ở, đất ở, đất đai xây dựng, kiến trúc, quy hoạch phát triển đô thị - quản lý doanh nghiệp và kinh tế tài chính xây dựng T.8.
Thông tư số 09/2000/TT-BXD ngày 17-7-2000 của Bộ Xây dựng hướng dẫn việc lập và quản lý chi phí XD công trình thuộc các dự án đầu tư, QĐ số 14/2000/QĐ-BXD ngày 20-7-2000, Thông tư số 70/2000/TT-BTC ngày 17-7-2000...
Wedi'i Gadw mewn:
| Fformat: | Llyfr |
|---|---|
| Iaith: | Vietnamese |
| Cyhoeddwyd: |
Hà Nội :
Xây dựng,
2000.
|
| Pynciau: | |
| Tagiau: |
Ychwanegu Tag
Dim Tagiau, Byddwch y cyntaf i dagio'r cofnod hwn!
|
| Thư viện lưu trữ: | Mạng thư viện Đại học Đà Nẵng |
|---|
| LEADER | 01327cam a2200361 i 4500 | ||
|---|---|---|---|
| 001 | 000046939 | ||
| 003 | 6453 | ||
| 005 | 20031231181829.0 | ||
| 008 | 010306b2000 vm 000 vie | ||
| 020 | |c 40000 | ||
| 022 | |a T | ||
| 040 | |a IRC |c IRC |d IRC | ||
| 041 | 0 | |a vie | |
| 082 | 1 | 4 | |a 690.026597 |b Vă-B |
| 245 | 0 | 0 | |a Văn bản pháp quy mới về đầu tư xây dựng - nhà ở, đất ở, đất đai xây dựng, kiến trúc, quy hoạch phát triển đô thị - quản lý doanh nghiệp và kinh tế tài chính xây dựng |n T.8. |
| 260 | |a Hà Nội : |b Xây dựng, |c 2000. | ||
| 300 | |a 196tr. ; |c 27cm. | ||
| 520 | 3 | |a Thông tư số 09/2000/TT-BXD ngày 17-7-2000 của Bộ Xây dựng hướng dẫn việc lập và quản lý chi phí XD công trình thuộc các dự án đầu tư, QĐ số 14/2000/QĐ-BXD ngày 20-7-2000, Thông tư số 70/2000/TT-BTC ngày 17-7-2000... | |
| 630 | 0 | 4 | |a Pháp luật. |
| 630 | 0 | 4 | |a Xây dựng. |
| 630 | 0 | 4 | |a Văn bản pháp quy. |
| 650 | 0 | 4 | |a Đầu tư |x Xây dựng |x Luật. |
| 650 | 0 | 4 | |a Kinh tế xây dựng. |
| OWN | |a DUT | ||
| 999 | |a From the UDN01 | ||
| TYP | |a Monograph | ||
| TYP | |a Printed language | ||
| 980 | |a Mạng thư viện Đại học Đà Nẵng | ||